| 000 | 00475nam a2200181Ia 4500 | ||
|---|---|---|---|
| 001 | 21011 | ||
| 005 | 20260306172848.0 | ||
| 008 | 260306t2018||||xx |||||||||||||| ||spa|| | ||
| 041 | _aESP | ||
| 082 |
_a343.9 _bM19 |
||
| 100 |
_aMaldonado-Meléndez, Mirko A. _eAUT |
||
| 245 | 0 | _aJurisprudencia vinculante constitucional y administrativa en materia | |
| 260 | _c2018 | ||
| 300 |
_a350 páginas : _c25 cm. |
||
| 650 | _aGEN | ||
| 654 | _aCDE | ||
| 942 |
_cLIB _dJUS _fJUS _2ddc _n |
||
| 999 |
_c21011 _d21011 |
||